#10 de cada club de la Liga Profesional - Estadísticas

Estadísticas generales
  • Esta prueba ha sido intentada 44 veces
    7 desde el último reinicio
  • La puntuación promedio es 13 de 29
Estadísticas de respuestas
Imagen Respuesta % Correcto
Alan Lescano
100%
Edinson Cavani
100%
Iván Tapia
100%
Juan Fernando Quintero
100%
Lucas Zelarayán
100%
Jabes Saralegui
86%
Marcelino Moreno
86%
Nicolás Barros Schelotto
86%
Tiago Palacios
86%
Aarón Molinas
71%
Matko Miljevic
71%
Luciano Cabral
57%
Bruno Barticciotto
43%
Franco Zapiola
43%
Matías Fernández
43%
Alex Luna
29%
Franco Nicola
29%
Alan Sosa
14%
Diego Valdes
14%
Facundo Gulli
14%
Jhon Renteria
14%
Lautaro Gómez
14%
Marco Iacobellis
14%
Alexander Díaz
0%
Luis Segovia
0%
Thaiel Peralta
0%
Tomás González
0%
Tomas Gonzalez
0%
Valentino Acuña
0%
No se encontraron pruebas coincidentes
Distribución de puntuación
Porcentaje de gente con cada puntuación
Porcentaje por número respondido
Historial de tus puntuaciones
No has intentado esta prueba desde el último reinicio